000
00290nam a22001337a 4500
008
181009b xxu||||| |||| 00| 0 eng d
020
_a
9780262193504
041
_a
eng
080
_a
004
100
_a
30
101
_a
SHK
245
_a
Memory Systems
_c
Daniel.l.ssch
942
_2
udc
_c
BK
999
_c
49214
_d
49214